000 00684nam a2200229Ii 4500
003 JO-AjNU
008 230605s9999||||xx |||||||||||||| ||und||
017 _a2008/01/1072
020 _a9957-07-001-0
040 _aJO-AjNU
_bara
_erda
_cJO-AjNU
041 _aara
050 1 4 _aRE91.H32.2009
100 3 _aالحديدي,منى صبيحي ,
_eauthor
_923164
245 0 0 _aمقدمة الاعاقة البصرية
250 _aط3
264 3 1 _aعمان:دار الفكر للنشر ,2009
300 _a314ص
336 _atext
_btxt
_2rdacontent
337 _aunmediated
_bn
_2rdamedia
338 _avolume
_bnc
_2rdacarrier
650 4 _aالمكفوفون-تعليم
_923165
999 _aA8338
_c11906
_d11906